| 000 | 00710nam a2200205 4500 | ||
|---|---|---|---|
| 001 | 137084 | ||
| 003 | ES-MaACL | ||
| 005 | 20230906195316.0 | ||
| 007 | t| | ||
| 008 | 070214s1980 sp r ||||1| spa d | ||
| 100 | 1 |
_aSalas López, Fernando de. _9101763 |
|
| 245 | 1 | 3 |
_aEl museo, cultura para todos / _cFernando de Salas López. |
| 260 |
_aMadrid : _bMinisterio de Cultura, Secretaría General Técnica, _c1980. |
||
| 300 |
_a334 p. : _bil. ; _c19 cm + _e1 h. pleg. |
||
| 490 | 1 | _aCultura y comunicación | |
| 710 | 1 |
_aEspaña. _bMinisterio de Cultura. _bSecretaría General Técnica. _93852 |
|
| 830 | 0 |
_aCultura y comunicación _9181260 |
|
| 852 |
_aES-MaACL _jC-6885 _bR.100597 |
||
| 999 |
_c137084 _d137084 |
||